| 000 | 00579nam a2200169 4500 | ||
|---|---|---|---|
| 999 |
_c513511 _d513511 |
||
| 008 | 200304b ||||| |||| 00| 0 eng d | ||
| 100 |
_aMadan, Sonu _916503 |
||
| 245 | _aWage differentials among workers: An empirical analysis of the manufacturing and service sectors | ||
| 260 | _bIndian Journal of Labour Economics | ||
| 300 | _a62(4), Oct-Dec, 2019: p.731-747. | ||
| 650 |
_aWages _916504 |
||
| 650 |
_aService sector _916505 |
||
| 650 |
_aService industry _916506 |
||
| 773 | _aIndian Journal of Labour Economics | ||
| 906 | _aManufacturing industry | ||
| 942 |
_2ddc _cAR |
||